El proyecto principal de educación en América Latina y el Caribe

Uloženo v:
Podrobná bibliografie
Korporativní autor: UNESCO. Oficina Subregional de Educación para Centroamérica y Panamá
Médium: Text
Vydáno: San José: La Oficina
Tagy: Přidat tag
Žádné tagy, Buďte první, kdo vytvoří štítek k tomuto záznamu!

MARC

LEADER 00000 a a2200000 04500
001 15111
003
040
090 |a 028700  
110 |a UNESCO. Oficina Subregional de Educación para Centroamérica y Panamá  
245 |a El proyecto principal de educación en América Latina y el Caribe  
260 |a San José:   |b La Oficina  
300 |a 16 p.  
999 |c 10954  |d 10954